South Eastern Kenya University

Library Online Public Access Catalogue


Law 101 : (Record no. 7263)

MARC details
000 -LEADER
fixed length control field 00632cam a22002174a 4500
001 - CONTROL NUMBER
control field 4522001
003 - CONTROL NUMBER IDENTIFIER
control field OSt
005 - DATE AND TIME OF LATEST TRANSACTION
control field 20150727144455.0
008 - FIXED-LENGTH DATA ELEMENTS--GENERAL INFORMATION
fixed length control field 990330s2000 enk 001 0 eng
020 ## - INTERNATIONAL STANDARD BOOK NUMBER
International Standard Book Number 0195132653
040 ## - CATALOGING SOURCE
Original cataloging agency SEKU
050 00 - LIBRARY OF CONGRESS CALL NUMBER
Classification number KF 387
Item number .F4
100 1# - MAIN ENTRY--PERSONAL NAME
Personal name Feinman, Jay M.
245 10 - TITLE STATEMENT
Title Law 101 :
Remainder of title everything you need to know about the American legal system
Statement of responsibility, etc. Jay M. Feinman.
246 3# - VARYING FORM OF TITLE
Title proper/short title Law one hundred one
246 3# - VARYING FORM OF TITLE
Title proper/short title Law one hundred and one
260 ## - PUBLICATION, DISTRIBUTION, ETC. (IMPRINT)
Place of publication, distribution, etc. Oxford ;
-- New York :
Name of publisher, distributor, etc. Oxford University Press,
Date of publication, distribution, etc. 2000.
300 ## - PHYSICAL DESCRIPTION
Extent 353 p.
650 #0 - SUBJECT ADDED ENTRY--TOPICAL TERM
Topical term or geographic name as entry element Law
Geographic subdivision United States
Form subdivision Popular works.
942 ## - ADDED ENTRY ELEMENTS (KOHA)
Source of classification or shelving scheme Library of Congress Classification
Koha item type General circulation
Holdings
Withdrawn status Lost status Source of classification or shelving scheme Damaged status Not for loan Home library Current library Shelving location Date acquired Source of acquisition Total Checkouts Full call number Barcode Date last seen Price effective from Koha item type
    Library of Congress Classification     Main Campus Library Main Campus Library General Stacks 27/07/2015 Donation-Books for Africa   KF 387 .F4 2015/003070 27/07/2015 27/07/2015 General circulation
Kitui, Kenya.
+254736116989
library@seku.ac.ke